000
00246nam a2200097Ia 4500
001
684620
005
20250826161501.0
008
250824s9999 xx 000 0 und d
245
0
_a
Bu Yalnızlık Bana Fazla
_c
MURAT TAVLI
260
_b
DESTEK YAYINLARI
999
_c
684620
_d
684620